| 000 | 01155nam a22003257a 4500 | ||
|---|---|---|---|
| 003 | CHAP | ||
| 005 | 20220817044115.0 | ||
| 008 | 060602d2004 mx r 00110 spa d | ||
| 010 | _a92335 | ||
| 011 | _a93307 | ||
| 035 | _a103879 | ||
| 040 | _cCHAP | ||
| 082 | 0 | 4 |
_a338.9 _bM58 |
| 110 | 0 |
_aMéxico. Gobierno del Distrito Federal _977066 |
|
| 245 | 1 | 0 |
_aHacia la agenda XXI de la ciudad de México _c/por Gobierno del Distrito Federal |
| 260 |
_aMéxico, D. F. : _bFriedrich Ebert Stiftung, _c2004. |
||
| 300 | _a146 p. | ||
| 530 | _aEste material también se encuentra en CD. Clasifiación: CD-387 | ||
| 590 |
_aBATCH-UPD _b10 _c20130110 _lUCH01 _h0959 |
||
| 590 |
_aBATCH-UPD _b10 _c20130410 _lUCH01 _h0611 |
||
| 590 |
_aBATCH-UPD _b10 _c20130914 _lUCH01 _h1157 |
||
| 590 |
_aCONVERSION _b10 _c20130109 _lUCH01 _h1351 |
||
| 650 | 1 | 4 | _aDesarrollo social. |
| 650 | 1 | 4 |
_aDesarrollo sustentable _xMéxico (D. F.) _932091 |
| 650 | 1 | 4 |
_aMedio ambiente _xContaminación _zMéxico (D. F.). _974080 |
| 650 | 1 | 4 |
_aMéxico (D.F.) _xCondiciones sociales. |
| 901 | _aBK | ||
| 942 | _cLIBRO | ||
| 949 |
_a338.9 M58 _bBC _cLIBRO _d33724000988200 _eLIBRO _h108044 _i103879 _sb |
||
| 999 |
_c92335 _d92335 |
||